Random House word menu / (Record no. 7298)

MARC details
000 -LEADER
fixed length control field 01562cam a22003495a 4500
003 - CONTROL NUMBER IDENTIFIER
control field EG-ScBUE
005 - DATE AND TIME OF LATEST TRANSACTION
control field 20220512142404.0
008 - FIXED-LENGTH DATA ELEMENTS--GENERAL INFORMATION
fixed length control field 180829t1992 nyua f 001 0 eng d
020 ## - INTERNATIONAL STANDARD BOOK NUMBER
International Standard Book Number 0679400303
020 ## - INTERNATIONAL STANDARD BOOK NUMBER
International Standard Book Number 9780679400301
040 ## - CATALOGING SOURCE
Original cataloging agency EG-ScBUE
Language of cataloging eng
Description conventions rda
Transcribing agency EG-ScBUE
Modifying agency EG-ScBUE
082 04 - DEWEY DECIMAL CLASSIFICATION NUMBER
Classification number 423.1
Item number GLA
Edition number 22
100 1# - MAIN ENTRY--PERSONAL NAME
Personal name Glazier, Stephen,
Relator term author.
245 10 - TITLE STATEMENT
Title Random House word menu /
Statement of responsibility, etc by Stephen Glazier.
246 30 - VARYING FORM OF TITLE
Title proper/short title Word menu
264 #1 - PUBLICATION, DISTRIBUTION, ETC. (IMPRINT)
Place of publication, distribution, etc New York :
Name of publisher, distributor, etc Random House,
Date of publication, distribution, etc [1992]
264 #4 - PUBLICATION, DISTRIBUTION, ETC. (IMPRINT)
Date of publication, distribution, etc c1992
300 ## - PHYSICAL DESCRIPTION
Extent xxx, 977 pages ;
Dimensions 25 cm
336 ## - CONTENT TYPE
Source rdacontent
Content type term text
Content type code txt
337 ## - MEDIA TYPE
Source rdamedia
Media type term unmediated
Media type code n
338 ## - CARRIER TYPE
Source rdacarrier
Carrier type term volume
Carrier type code nc
500 ## - GENERAL NOTE
General note Includes index.
520 ## - SUMMARY, ETC.
Summary, etc The ultimate word and idea resource for anyone who is curious about language or wants to write creatively. Like a fantastic restaurant menu with hundreds of vocabulary categories and thousands of tempting choices. More than a dictionary, the Random House Word Menu arranges words in a logical structure - with nearly 800 divisions and 75,000 entries. More than a thesaurus, it also provides definitions - describing
650 #7 - SUBJECT ADDED ENTRY--TOPICAL TERM
Topical term or geographic name as entry element English language
General subdivision Glossaries, vocabularies, etc.
Source of heading or term BUEsh
650 #7 - SUBJECT ADDED ENTRY--TOPICAL TERM
Topical term or geographic name as entry element English language
General subdivision Synonyms and antonyms.
Source of heading or term BUEsh
9 (RLIN) 19528
650 #7 - SUBJECT ADDED ENTRY--TOPICAL TERM
Topical term or geographic name as entry element English language
General subdivision Terms and phrases.
Source of heading or term BUEsh
651 ## - SUBJECT ADDED ENTRY--GEOGRAPHIC NAME
Source of heading or term BUEsh
653 ## - INDEX TERM--UNCONTROLLED
Resource For college Humanities: English
Arrived date list September2018
655 ## - INDEX TERM--GENRE/FORM
Form subdivision Reading book
9 (RLIN) 34232
856 42 - ELECTRONIC LOCATION AND ACCESS
Materials specified Publisher description
Uniform Resource Identifier <a href="http://www.loc.gov/catdir/description/random0410/92013539.html">http://www.loc.gov/catdir/description/random0410/92013539.html</a>
942 ## - ADDED ENTRY ELEMENTS (KOHA)
Source of classification or shelving scheme Dewey Decimal Classification
Koha item type Book - Borrowing
Holdings
Withdrawn status Lost status Source of classification or shelving scheme Damaged status Not for loan Collection code Home library Current library Shelving location Date acquired Source of acquisition Cost, normal purchase price Total Checkouts Total Renewals Full call number Barcode Date last seen Date checked out Koha item type
    Dewey Decimal Classification     Alahram Central Library Central Library Second Floor 20/01/2008 Purchase 123.80 1 1 423.1 GLA 000008759 13/11/2025 02/06/2016 Book - Borrowing